| 000 | 00355nam a2200121Ia 4500 | ||
|---|---|---|---|
| 008 | 210430s9999 xx 000 0 und d | ||
| 082 | _aMTL-MS IA/MM 2011 | ||
| 100 |
_aIrfan Ahmed _948093 |
||
| 245 |
_aBio Material Hydroxyapatite Coating on Stainless Steel _cIrfan Ahmed |
||
| 260 |
_aNUST (SCME) _bDr Mujahid _c2011 |
||
| 300 | _aPg-96 | ||
| 942 |
_cBK _2ddc |
||
| 999 |
_c565465 _d565465 |
||